Порівняльно-семантичний аналіз лексичних та фразеологічних одиниць-топонімів у англійській та німецькій мовах (Запис № 284317)

МАРК-запис
000 -LEADER
fixed length control field 02101nam a22001577a 4500
041 ## - LANGUAGE CODE
Language code of text/sound track or separate title ukr
080 ## - UNIVERSAL DECIMAL CLASSIFICATION NUMBER
Universal Decimal Classification number 09
090 ## - LOCALLY ASSIGNED LC-TYPE CALL NUMBER (OCLC); LOCAL CALL NUMBER (OCLC)
Local cutter number (OCLC) ; Book number/undivided call number, CALL (RLIN) ШМА
100 ## - MAIN ENTRY--PERSONAL NAME
Personal name Шмачук О.О.
245 ## - TITLE STATEMENT
Title Порівняльно-семантичний аналіз лексичних та фразеологічних одиниць-топонімів у англійській та німецькій мовах
260 ## - PUBLICATION, DISTRIBUTION, ETC. (IMPRINT)
Place of publication, distribution, etc Острог
Name of publisher, distributor, etc КАФ
Date of publication, distribution, etc 2010
300 ## - PHYSICAL DESCRIPTION
Extent 84
520 ## - SUMMARY, ETC.
Summary, etc ВСТУП<br/>РОЗДІЛ 1 ТОПОНІМІЯ ЯК РОЗДІЛ ОНОМАСТИКИ<br/>1.1 Предмет вивчення топонімії.<br/>1.2 Специфіка топонімії англомовних країн.<br/>1.3 Класи топонімів.<br/>1.4 Топоніми як відображення духовного та матеріального життя народу та його світосприйняття.<br/>РОЗДІЛ 2 СЕМАНТИКО-ЕТИМОЛОГІЧНИЙ АНАЛІЗ АМЕРИКАНСЬКИХ ТОПОНІМІВ<br/>2.1 Вплив інших мов на формування американських топонімів.<br/>2.2 Існуючі класифікації американських топонімів.<br/>2.2.1 Класифікація топонімів за системою Меллері.<br/>2.2.2 Класифікація топонімів за формою.<br/>2.3 Етимологія назв штатів США.<br/>РОЗДІЛ 3 ПОРІВНЯЛЬНА ХАРАКТЕРИСТИКА ФРАЗЕОЛОГІЗМІВ-ТОПОНІМІВ У АНГЛІЙСЬКІЙ ТА НІМЕЦЬКІЙ МОВАХ<br/>3.1 Культурологічні особливості формування англійських та німецьких фразеологізмів із топонімічним компонентом у мові публіцистики.<br/>3.2 Семантичні особливості топонімів у складі англійських та німецьких фразеологізмів.<br/>ВИСНОВКИ
-- ономастика, топонімія
650 ## - SUBJECT ADDED ENTRY--TOPICAL TERM
Topical term or geographic name as entry element Research Papers
942 ## - ADDED ENTRY ELEMENTS (KOHA)
Koha item type Книги
Фонди
Withdrawn status Lost status Source of classification or shelving scheme Damaged status Not for loan Home library Current library Date acquired Source of acquisition Cost, normal purchase price Total Checkouts Full call number Barcode Date last seen Price effective from Koha item type
    Universal Decimal Classification     ВІЛ - Відділ іноземн. літератури НБ ВІЛ - Відділ іноземн. літератури НБ 16/04/2009 Акт №1 1.00   09 213934 20/12/2021 16/04/2009 Книги